LEADER 01391nam a2200289 i 4500 001 991003536959707536 005 20251027105358.0 008 961024s1988 it a 001 0 ita d 020 $a8829904899 035 $ab11826927-39ule_inst 035 $aLE00302611$9ExL 040 $aDip.to Biologia$beng 082 0 $a616.07 100 1 $aTaussig, Michael J.$0101224 245 10$aPatologia generale :$bmeccanismi di base, infiammazione, fisiopatologia della circolazione, immunità, tumori, infezioni, basi genetiche /$cMichael J. Taussig ; traduzione italiana a cura di E. Bonetti ... [et al.] ; presentazione di Claudio Franceschi 250 $a2nd ed. 264 1$aPadova :$bPiccin,$c1988 300 $a2 v. ( vi, 1047 p. compless.) :$bill. ;$c25 cm 650 4$aPathology 907 $a.b11826927$b02-04-14$c18-12-02 912 $a991003536959707536 945 $aLE003 616.07 TAU01.01 V.I (1988)$cV.1$g1$i2003000029055$lle003$o-$pE0.00$q-$rl$s-$t0$u20$v0$w20$x0$y.i12077161$z18-12-02 945 $aLE003 616.07 TAU01.01 V.II C.1 (1988)$cV. 2$g1$i2003000029451$lle003$o-$pE0.00$q-$rl$s-$t0$u15$v0$w15$x0$y.i12077185$z18-12-02 945 $aLE003 616.07 TAU01.01 V.II C.2 (1988)$cV.2$g2$i2003000029123$lle003$o-$pE0.00$q-$rl$s-$t0$u17$v0$w17$x0$y.i12077173$z18-12-02 996 $aPatologia generale$9440810 997 $aUNISALENTO 998 $ale003$b01-01-96$cm$da$e-$fita$git$h0$i3 LEADER 03011nam 2200697Ia 450 001 9910171011203321 005 20251116174954.0 010 $a1-86168-271-9 010 $a1-134-82029-1 010 $a0-203-13716-7 010 $a9786611313067 010 $a1-281-31306-8 010 $a1-134-82030-5 024 7 $a10.4324/9780203137161 035 $a(CKB)1000000000247577 035 $a(EBL)165536 035 $a(OCoLC)226376553 035 $a(SSID)ssj0000083498 035 $a(PQKBManifestationID)11112440 035 $a(PQKBTitleCode)TC0000083498 035 $a(PQKBWorkID)10163649 035 $a(PQKB)10052766 035 $a(MiAaPQ)EBC165536 035 $a(Au-PeEL)EBL165536 035 $a(CaPaEBR)ebr10058115 035 $a(CaONFJC)MIL131306 035 $a(EXLCZ)991000000000247577 100 $a19950719d1996 uy 0 101 0 $aeng 135 $aur|n|---||||| 181 $ctxt 182 $cc 183 $acr 200 10$aAdolescent health $ethe role of individual differences /$fPatrick Heaven 205 $a1st ed. 210 $aLondon ;$aNew York $cRoutledge$d1996 215 $a1 online resource (214 p.) 225 1 $aAdolescence and society 300 $aDescription based upon print version of record. 311 08$a0-415-11579-5 311 08$a0-415-11578-7 320 $aIncludes bibliographical references and index. 327 $aBook Cover; Title; Contents; List of figures and tables; Foreword; Preface; General introduction; Health education; Stress and coping; Body image and eating behaviours; Sex and AIDS; Substance use: alcohol, cigarettes, and other drugs; Mental health: schizophrenia, depression, and suicide; Lifestyle, exercise, and diet; Concluding comments; References; Name index; Subject index 330 $aAdolescence is one of the most turbulent yet exciting phases in life. Increased autonomy brings with it new health risks ranging from drugs and sexually transmitted disease, to eating disorders and suicidal depression. Even though todays teenagers are more concerned with and educated about their health than any previous generation, they still engage in risky behaviour.Adolescent Health explores how individual differences contribute to health and illness across a wide range of cultures and socio-economic backgrounds. Patrick Heaven blends the latest research findings from a r 410 0$aAdolescence and society. 606 $aHealth behavior in adolescence 606 $aTeenagers$xHealth and hygiene 606 $aIndividual differences in adolescence 615 0$aHealth behavior in adolescence. 615 0$aTeenagers$xHealth and hygiene. 615 0$aIndividual differences in adolescence. 676 $a613.0433 676 $a613/.0433 700 $aHeaven$b Patrick C. L$g(Patrick Charles Lionel)$00 801 0$bMiAaPQ 801 1$bMiAaPQ 801 2$bMiAaPQ 906 $aBOOK 912 $a9910171011203321 996 $aAdolescent health$92242809 997 $aUNINA